002360000a220010900045000410008000000820012000082450039000203000011000595000012000705050038000820010006001200 aENG04aAV 005510aFocus on the family / James Dobson a23 Pag aFolleto00a- Defending life around the world13422